| 000 | 01521nam a2200433 i 4500 | ||
|---|---|---|---|
| 001 | 35712 | ||
| 003 | KOSZ 005 | ||
| 005 | 20200707111533.0 | ||
| 008 | 200707s1966 -usa f 001 0 eng d | ||
| 040 |
_aKOSZ 005 _cKOSZ 005/RW |
||
| 046 | _k1966 | ||
| 080 | _a537.6 | ||
| 080 | _a538.945 | ||
| 245 | 0 | 0 |
_aMagnetism : _ba treatise on modern theory and materials. _nVolume 2 part B, _pInteractions and metals / _cedited by George T. Rado, Harry Suhl. |
| 246 | 3 | 1 | _aInteractions and metals |
| 260 |
_aNew York ; _aLondon : _bAcademic Press, _c1966. |
||
| 300 |
_aXIV, [2], 428 stron : _bilustracje ; _c24 cm. |
||
| 336 |
_aTekst _btxt _2rdacontent |
||
| 337 |
_aBez urządzenia pośredniczącego _bn _2rdamedia |
||
| 338 |
_aWolumin _bnc _2rdacarrier |
||
| 380 | _aKsiążki | ||
| 380 | _aPublikacje naukowe | ||
| 388 | _a1901-2000 | ||
| 388 | _a1945-1989 | ||
| 504 | _aBibliografia przy rozdziałach. Indeks. | ||
| 650 | 7 | _aMagnetyzm | |
| 650 | 7 | _aMetale | |
| 650 | 7 | _aNadprzewodnictwo | |
| 650 | 7 | _aAntyferromagnetyki | |
| 650 | 7 | _aZastosowanie i wykorzystanie | |
| 655 | 7 | _aPraca zbiorowa | |
| 658 | _aFizyka i astronomia | ||
| 658 | _aInżynieria i technika | ||
| 700 | 1 |
_aRado, George Tibor _d(1917- ) _eRedakcja |
|
| 700 | 1 |
_aSuhl, Harry _d(1922- ) _eRedakcja |
|
| 710 | 2 |
_aAcademic Press _4pbl |
|
| 856 |
_uhttp://koha.tu.koszalin.pl/cgi-bin/koha/opac-detail.pl?biblionumber=35712 _yKatalog online BPK |
||
| 942 |
_2UKD _cKS |
||
| 999 |
_c35712 _d35712 |
||